000 00459nam a2200169Ia 4500
003 GCL
008 140319s9999 xx 000 0 eng d
040 _aGCL /
_cGCL
082 0 4 _a415
_bM D
100 1 _aMCCARTHY, MICHAEL
245 1 0 _aDISCOURSE ANALYSIS FOR LANGUAGE TEACHERS /
_cMCCARTHY, MICHAEL
260 _a[S.N] :
_bCAMLRIDGE UNIVERSITY PRESS ،
_c1993
300 _a207
650 0 4 _aANALYSIS
650 0 4 _aLANGUAGE - DISCOURSE
942 _2ddc
_cBK
999 _c18080
_d18080